| 000 | 00340nam a22001457a 4500 | ||
|---|---|---|---|
| 020 | _a978-93-5025-189-5 | ||
| 082 | _a617.645,M11S | ||
| 100 | _aSRIVASTAVA,VINAY KUMAR | ||
| 245 | _aMODERN PEDIATRIC DENTISTRY. | ||
| 250 | _a1ST | ||
| 260 |
_aNEW DELHI _bJAYPEE BROTHERS _c2011 |
||
| 300 | _a364 | ||
| 650 | _aPEDODONTICS | ||
| 942 |
_2ddc _cBK |
||
| 999 |
_c9832 _d9832 |
||